Discursos de guerra : parlaments, endreces i salutacions, discursos oficials, intervencions parlamentàries, al·locucions radiofòniques, arengues, mítings, declaracions i notes oficials, entrevistes, missatges i escrits de guerra (juliol del 1936 - gener del 1939) / parlaments, endreces i salutacions, discursos oficials, intervencions parlamentàries, al·locucions radiofòniques, arengues, mítings, declaracions i notes oficials, entrevistes, missatges i escrits de guerra (juliol del 1936 - gener del 1939) /
ISBN:
9788418199486
Descripción Física:
751 pàgines ; 24 cm
Colección:
Referents (Catalunya. Generalitat)
; 12
Otros Autores:
Figueres, Josep M. (Josep Maria), 1950-
Materias:
Companys, Lluís, -- 1882-1940.
; Política governamental
; Catalunya -- Història -- 1936-1939, Guerra Civil
; Catalunya -- Política i govern -- 1931-1939, Segona República
; Discursos polítics
Idioma:
Catalán
MARC
| LEADER | 00000nam a2200000 i 4500 | ||
|---|---|---|---|
| 001 | 24960 | ||
| 005 | 20260324180721.0 | ||
| 008 | 200909s2020 spc|||| ||||o0|0 0 cat| | ||
| 015 | |a LL2021 |2 bnc | ||
| 017 | |a DL B 17707-2020 |b Biblioteca de Catalunya | ||
| 020 | |a 9788418199486 | ||
| 035 | |a (ES-BaCBU)b74428408-34csuc_network | ||
| 035 | |a (ES-BaCBU).b74428408 | ||
| 035 | |a (ccuc001)b74428408 | ||
| 040 | |a ES-BaBC |b cat |e rda |c ES-BaBC | ||
| 043 | |a e-sp--- |b e-spc-- |2 catmarc | ||
| 080 | |a 32Companys, Lluís |x (042.5) |2 2004 | ||
| 080 | |a 94 |x (460.23) |x "1936/1939" |2 2004 | ||
| 080 | |a 32 |x (460.23) |x "1931/1939" |2 2004 | ||
| 090 | |a DPC264.C66 |b A5 2020 | ||
| 100 | 1 | |a Companys, Lluís, |d 1882-1940 |e autor | |
| 240 | 1 | 0 | |a Obres. |k Seleccions |
| 245 | 1 | 0 | |a Discursos de guerra : |b parlaments, endreces i salutacions, discursos oficials, intervencions parlamentàries, al·locucions radiofòniques, arengues, mítings, declaracions i notes oficials, entrevistes, missatges i escrits de guerra (juliol del 1936 - gener del 1939) / |c Lluís Companys i Jover ; edició, introducció i notes de Josep M. Figueres |
| 250 | |a Primera edició | ||
| 264 | 1 | |a Barcelona : |b Departament de Justícia : |b Memorial Democràtic, |c 2020 | |
| 300 | |a 751 pàgines ; |c 24 cm | ||
| 336 | |a text |b txt |2 rdacontent | ||
| 337 | |a sense mediació |b n |2 rdamedia | ||
| 338 | |a volum |b nc |2 rdacarrier | ||
| 490 | 1 | |a Col·lecció referents ; |v 12 | |
| 504 | |a Bibliografia | ||
| 600 | 1 | 7 | |a Companys, Lluís, |d 1882-1940. |2 cantic |
| 600 | 1 | 7 | |a Companys, Lluís, |d 1882-1940. |2 lemac |
| 650 | 7 | |a Política governamental |2 thub |9 12040 | |
| 651 | 7 | |a Catalunya |x Història |y 1936-1939, Guerra Civil |2 lemac |9 54678 | |
| 651 | 0 | |a Catalunya |x Política i govern |y 1931-1939, Segona República |9 53540 | |
| 655 | 7 | |a Discursos polítics |2 thub | |
| 700 | 1 | |a Figueres, Josep M. |q (Josep Maria), |d 1950- |e editor literari |9 36314 | |
| 710 | 1 | |a Catalunya. |b Departament de Justícia. |9 53891 | |
| 710 | 2 | |a Memorial Democràtic (Catalunya) |9 52410 | |
| 830 | |a Referents (Catalunya. Generalitat) |v 12 |9 53897 | ||
| 907 | |a .b74428408 |b 22-06-21 |c 09-09-20 |d 09-09-20 |e m |f a |g - |h cat |i spc |j 0 |k 0 | ||
| 908 | |a BC |a MD |a BMON |a AHCB |a UAB |a BAB |a UB |a BPC |a ANC |a CLR |a UPF |a URV |a ICAB |a UdG | ||
| 940 | |a BC | ||
| 942 | |2 udc |c ARXIU |n 1 | ||
| 952 | |0 0 |1 0 |4 0 |6 BIB296 |7 1 |9 60776 |a Arxiu |b Arxiu |d 2021-11-08 |l 0 |o Bib-296 |p 24960 |r 2021-11-08 00:00:00 |w 2021-11-08 |y ARXIU | ||
| 999 | |c 80909 |d 80909 | ||